| 000 | 00825nam a2200253 a 4500 | ||
|---|---|---|---|
| 001 | 994 | ||
| 003 | BR-CuiBMT | ||
| 005 | 20231128223122.0 | ||
| 008 | 231025s2014 dfb 000 0 por d | ||
| 020 | _a9788588652644 | ||
| 040 |
_aBR-CuiBMT _cBR-CuiBMT |
||
| 080 |
_22007 _a347.4 _x(81) |
||
| 090 |
_a347.4(81) _bD532 |
||
| 245 | 0 | 0 |
_a10 anos do código civil : _bedição comemorativa / _cRobério Nunes dos Anjos Filho, organizador. |
| 246 | 1 | 2 |
_aDez anos do código civil : _bedição comemorativa |
| 260 |
_aBrasília : _bESMPU, _cc2013. |
||
| 300 |
_a247 p. ; _c21 cm |
||
| 504 | _aInclui bibliografia. | ||
| 650 |
_aDireito civil _zBrasil |
||
| 650 |
_aResponsabilidade civil _zBrasil |
||
| 650 |
_aDireito civil _xAspectos constitucionais _zBrasil |
||
| 700 | 1 |
_aAnjos Filho, Robério Nunes dos _4org. |
|
| 942 |
_2udc _cLV |
||
| 999 |
_c994 _d994 |
||